Uma cor, duas cores, todas elas (Record no. 50023)

MARC details
000 -LÍDER
campo de controle de tamanho fixo 00363 a2200157 4500
001 - NÚMERO DE CONTROLE
campo de controle 50023
020 ## - ISBN - INTERNATIONAL STANDARD BOOK NUMBER
ISBN - International Standard Book Number 858546674X
040 ## - FONTE DA CATALOGAÇÃO
Instituição que transcreveu o registro Anchieta - Bela Vista
100 ## - ENTRADA PRINCIPAL--NOME PESSOAL
Nome pessoal Lalau
240 10 - TÍTULO UNIFORME
Título uniforme Uma cor, duas cores, todas elas
Idioma da obra por
245 10 - TÍTULO
Título Uma cor, duas cores, todas elas
300 ## - DESCRIÇÃO FÍSICA
Extensão 30
362 0# - DATAS DE PUBLICAÇÃO E/OU DESIGNAÇÃO SEQUENCIAL
Datas de publicação e/ou designação sequencial 2010
650 #4 - ASSUNTO--TERMO TÓPICO
Cabeçalho tópico ou nome geográfico Literatura infanto-juvenil
942 ## - ELEMENTOS DE ENTRADA ADICIONADOS (KOHA)
Tipo de material Koha Livros
Holdings
Situação do descarte Situação das perdas Situação física Não pode ser emprestado Biblioteca de origem Biblioteca atual Data de aquisição Total de empréstimos Número de chamada completo Código de barras Data de último acesso Data do preço efetivo Tipo de material Koha Fonte da classificação ou esquema de arquivamento na estante
        Colégio Anchieta - Bela Vista Colégio Anchieta - Bela Vista 21/11/2023   028.5 L194c LAL COR 3418/BEL 21/11/2023 21/11/2023 Livros  
        Colégio Anchieta - Bela Vista Colégio Anchieta - Bela Vista 21/11/2023   028.5 L194c LAL COR 4166/BEL 21/11/2023 21/11/2023 Livros  
        Leonardo Da Vinci - Osasco Leonardo Da Vinci - Osasco 25/05/2026   I L199u ex.1 O020636 25/05/2026 25/05/2026 Livros Classificação Decimal de Dewey